Sports Quiz

Random Sports or WWE Quiz
Score 0/54 Timer 12:00
1 Play Today
PPV Opponent % Correct
WCW SuperBrawl IV 1994Steve Austin
95.2%
WWF In Your House 16: Canadian Stampede 1997Steve Austin
95.2%
WCW WrestleWar 1991Ric Flair
89.7%
WCW Halloween Havoc 1995Ric Flair
89.7%
WCW StarrCade 1991Sting
86%
WCW Halloween Havoc 1995Sting
86%
WCW Beach Blast 1993Arn Anderson
81.7%
WWF In Your House 16: Canadian Stampede 1997Goldust
81.2%
WWF SummerSlam 1997Goldust
81.2%
WWF In Your House 17: Ground Zero 1997Goldust
81.2%
NWA Halloween Havoc 1989Lex Luger
74.8%
WWF In Your House 16: Canadian Stampede 1997Animal
72.6%
WWF In Your House 16: Canadian Stampede 1997Hawk
72.6%
WCW World War 3 1995 (Winner)Randy Savage
68.1%
WCW SuperBrawl II 1992Jushin Liger
64.7%
WCW WrestleWar 1991Barry Windham
64.4%
WCW SuperBrawl I 1991Barry Windham
64.4%
WCW StarrCade 1992Barry Windham
64.4%
WWF In Your House 16: Canadian Stampede 1997Ken Shamrock
62%
WCW The Great American Bash 1992Ricky Steamboat
61.2%
WCW Halloween Havoc 1992Ricky Steamboat
61.2%
WCW StarrCade 1992Ricky Steamboat
61.2%
WCW Slamboree 1993Ricky Steamboat
61.2%
WCW SuperBrawl VI 1996Kevin Sullivan
55.8%
WCW SuperBrawl IV 1994Rick Rude
52.8%
NWA The Great American Bash 1989 (Winner)Sid Vicious
51.3%
WCW WrestleWar 1991Sid Vicious
51.3%
PPV Opponent % Correct
NWA Capital Combat 1990Bobby Eaton
49.6%
WCW StarrCade 1992The Great Muta
46.6%
WCW The Great American Bash 1991Johnny B. Badd
45.8%
WCW Fall Brawl 1995Johnny B. Badd
45.8%
WCW StarrCade 1992Shane Douglas
42.8%
WCW Beach Blast 1993Paul Roma
42.3%
WCW WrestleWar 1992Tom Zenk
42.2%
WCW Slamboree 1993Tom Zenk
42.2%
WCW SuperBrawl III 1993Marcus Bagwell
39.9%
NWA Capital Combat 1990Stan Lane
39.2%
WCW Spring Stampede 1994Lord Steven Regal
38.9%
WCW Beach Blast 1992Scotty Flamingo
38.3%
NWA The Great American Bash 1989 (Winner)Dan Spivey
37.8%
NWA WrestleWar 1990Michael Hayes
37.5%
WCW WrestleWar 1991Larry Zbyszko
37.2%
NWA WrestleWar 1990Jimmy Garvin
35.4%
WCW Halloween Havoc 1991Richard Morton
34.5%
WCW SuperBrawl IV 1994Paul Orndorff
34.5%
WCW The Great American Bash 1992Nikita Koloff
29.2%
WCW The Great American Bash 1995Alex Wright
27.9%
WCW StarrCade 1991Abdullah The Butcher
21.9%
WCW SuperBrawl III 1993Erik Watts
16.3%
NWA The Great American Bash 1989Bill Irwin
14.6%
NWA The Great American Bash 1990Buddy Landell
8.6%
WCW/NJPW Supershow I 1991Kuniaki Kobayashi
7%
WCW/NJPW Supershow I 1991Takayuki Iizuka
6.5%
WCW/NJPW Supershow I 1991Shiro Koshinaka
6.4%
Remove Ads.
Support Sporcle.
Get the best of Sporcle when you Go Orange. This ad-free experience offers more features, more stats, and more fun while also helping to support Sporcle. Thank you for becoming a member.

You're not logged in!

Compare scores with friends on all Sporcle quizzes.
OR
Log In

Sporcle TV

Today on Sporcle TV


Watch our educational content, quiz creation guides, and fun videos on Sporcle TV.

Show Comments

Extras

Top Quizzes Today


Score Distribution

Paid Content

Your Account Isn't Verified!

In order to create a playlist on Sporcle, you need to verify the email address you used during registration. Go to your Sporcle Settings to finish the process.

Report this User

Report this user for behavior that violates our Community Guidelines.

Details: